<?xml version="1.0" encoding="UTF-8"?>
<collection xmlns="http://www.loc.gov/MARC21/slim">
<record>
  <controlfield tag="001">145049</controlfield>
  <controlfield tag="005">20240926122721.0</controlfield>
  <datafield tag="024" ind1="7" ind2=" ">
    <subfield code="2">doi</subfield>
    <subfield code="a">10.57017/jaes.v19.1(83).01</subfield>
  </datafield>
  <datafield tag="024" ind1="8" ind2=" ">
    <subfield code="2">sideral</subfield>
    <subfield code="a">139777</subfield>
  </datafield>
  <datafield tag="037" ind1=" " ind2=" ">
    <subfield code="a">ART-2024-139777</subfield>
  </datafield>
  <datafield tag="041" ind1=" " ind2=" ">
    <subfield code="a">eng</subfield>
  </datafield>
  <datafield tag="100" ind1=" " ind2=" ">
    <subfield code="a">Callao, Susana</subfield>
    <subfield code="u">Universidad de Zaragoza</subfield>
    <subfield code="0">(orcid)0000-0003-1298-7183</subfield>
  </datafield>
  <datafield tag="245" ind1=" " ind2=" ">
    <subfield code="a">Assessing the Practice of Earnings Management in COVID-19 Era. Landscape of European Companies: An International Comparison</subfield>
  </datafield>
  <datafield tag="260" ind1=" " ind2=" ">
    <subfield code="c">2024</subfield>
  </datafield>
  <datafield tag="520" ind1="3" ind2=" ">
    <subfield code="a">Beginning of 2020, the COVID-19 crisis holds for firms all over the world. Under these circumstances, the purpose of this paper is to evaluate the landscape of the European countries in terms of the earnings manipulation in COVID-19 era. Therefore, we compared companies from 15 European countries. The results show that the deteriorating economic conditions caused by COVID-19 are reflected in the managers’ activity for earnings management in the context of European companies. Moreover, the panorama of earnings management activities in Europe is quite heterogeneous and inconsistent as we observe significant differences between European countries in the practice of earnings management. Additionally, rather than a single incentive or factor, we find a wide range of variables that affected managers’ decisions to engage in earnings manipulation in COVID-19 times. Indeed, the results show that lack of growth opportunity caused by the pandemic, increased amount of debt, volatility of cash flow or sales, even size, age, or book value, were variables that influenced managers’ decisions to manipulate earnings in pandemic. In addition, the industry effect cannot be separated from the impact of COVID-19.&amp;amp;nbsp; Surprisingly, institutional mechanisms of control, including audit quality or board monitoring, which are widely documented in the literature as limiting earnings management, were ineffective in the COVID-19 period. The presence of mechanisms of control is considered essential variables that limit the practices of earnings management, but even these can occasionally fail, as confirmed our study.</subfield>
  </datafield>
  <datafield tag="506" ind1="0" ind2=" ">
    <subfield code="a">Access copy available to the general public</subfield>
    <subfield code="f">Unrestricted</subfield>
  </datafield>
  <datafield tag="540" ind1=" " ind2=" ">
    <subfield code="9">info:eu-repo/semantics/openAccess</subfield>
    <subfield code="a">by</subfield>
    <subfield code="u">http://creativecommons.org/licenses/by/3.0/es/</subfield>
  </datafield>
  <datafield tag="655" ind1=" " ind2="4">
    <subfield code="a">info:eu-repo/semantics/article</subfield>
    <subfield code="v">info:eu-repo/semantics/publishedVersion</subfield>
  </datafield>
  <datafield tag="700" ind1=" " ind2=" ">
    <subfield code="a">Jarne, José I.</subfield>
    <subfield code="u">Universidad de Zaragoza</subfield>
    <subfield code="0">(orcid)0000-0003-0334-192X</subfield>
  </datafield>
  <datafield tag="700" ind1=" " ind2=" ">
    <subfield code="a">Wroblewski, David</subfield>
    <subfield code="u">Universidad de Zaragoza</subfield>
    <subfield code="0">(orcid)0000-0002-2455-8012</subfield>
  </datafield>
  <datafield tag="710" ind1="2" ind2=" ">
    <subfield code="1">4002</subfield>
    <subfield code="2">230</subfield>
    <subfield code="a">Universidad de Zaragoza</subfield>
    <subfield code="b">Dpto. Contabilidad y Finanzas</subfield>
    <subfield code="c">Área Economía Finan. y Contab.</subfield>
  </datafield>
  <datafield tag="773" ind1=" " ind2=" ">
    <subfield code="g">19, 16 (2024), 7-36</subfield>
    <subfield code="t">Journal of Applied Economic Sciences</subfield>
    <subfield code="x">1843-6110</subfield>
  </datafield>
  <datafield tag="856" ind1="4" ind2=" ">
    <subfield code="s">847089</subfield>
    <subfield code="u">http://zaguan.unizar.es/record/145049/files/texto_completo.pdf</subfield>
    <subfield code="y">Versión publicada</subfield>
  </datafield>
  <datafield tag="856" ind1="4" ind2=" ">
    <subfield code="s">2365838</subfield>
    <subfield code="u">http://zaguan.unizar.es/record/145049/files/texto_completo.jpg?subformat=icon</subfield>
    <subfield code="x">icon</subfield>
    <subfield code="y">Versión publicada</subfield>
  </datafield>
  <datafield tag="909" ind1="C" ind2="O">
    <subfield code="o">oai:zaguan.unizar.es:145049</subfield>
    <subfield code="p">articulos</subfield>
    <subfield code="p">driver</subfield>
  </datafield>
  <datafield tag="951" ind1=" " ind2=" ">
    <subfield code="a">2024-09-26-10:58:26</subfield>
  </datafield>
  <datafield tag="980" ind1=" " ind2=" ">
    <subfield code="a">ARTICLE</subfield>
  </datafield>
</record>
</collection>